Normal view
MARC view
- Kevin. Skahill
Entry Personal Name
001 - CONTROL NUMBER
- control field: 3073
003 - CONTROL NUMBER IDENTIFIER
- control field: NUST
005 - DATE AND TIME OF LATEST TRANSACTION
- control field: 20170622112102.0
008 - FIXED-LENGTH DATA ELEMENTS
- fixed length control field: 170622|| aca||aabn | a|a d
040 ## - CATALOGING SOURCE
- Original cataloging agency: NUST
- Transcribing agency: NUST
100 ## - HEADING--PERSONAL NAME
- Personal name: Kevin. Skahill
670 ## - SOURCE DATA FOUND
- Source citation: Work cat.: (NUST)23965: Kevin. Skahill, VHDL for programmable logic /, c1996.
